| 000 | 01554cad a22002415a 4500 | ||
|---|---|---|---|
| 001 | L140979 | ||
| 008 | 071024s2007 xxkd f s 000 0 eng d | ||
| 035 | _a(Sirsi) u140979 | ||
| 041 | 0 | _aeng | |
| 050 | 0 | 4 | _a333.337 $2 18 |
| 110 | 2 |
_aKing Sturge _93877 |
|
| 245 | 0 | 0 |
_aEuropean office property markets 2007 _h[electronic resource] |
| 260 |
_a[S.l.] _bKing Sturge _c2007 |
||
| 490 | 0 |
_aKing Sturge European Office Property Markets _v2007 |
|
| 520 | _aReports that most European regions have experienced rising office rents and increased occupier demand, due to strong economic growth and falling unemployment. Estimated growth in total take-up in Western Europe is predicted to be 8.4% to the end of 2007, up from 7.7% in 2006. In terms of office space, vacancy rates are set to fall to 7.6% in Western Europe by the end of 2007 and to 6.8% in Central and Eastern Europe. In Western Europe, prime office rental growth is predicted to reach 10.8% in 2007, compared with 4.4% in 2006, with strong growth likely in London's City and West End markets, Paris and Madrid. After a poor performance in 2006, rental growth in Central Europe is expected to reach 20.7% in 2007. | ||
| 590 | _aKA | ||
| 650 | 2 | 4 | _aKING STURGE EUROPEAN OFFICE PROPERTY MARKETS |
| 651 | 4 | _aEurope | |
| 690 | _aPROPERTY-COMMERCIAL PROPERTY-COMMERCIAL PROPERTY MARKET | ||
| 690 | _aPROPERTY-COMMERCIAL PROPERTY-OFFICE PROPERTY | ||
| 856 | 4 | 0 |
_uhttps://www.kingsturge.com/ _zView the research report free of charge (registration required) at www.kingsturge.com... |
| 942 | _n0 | ||
| 999 |
_c107589 _d107589 |
||